| 000 | 00409nam a22001457a 4500 | ||
|---|---|---|---|
| 003 | SISC | ||
| 005 | 20160727085648.0 | ||
| 008 | 160727b xxu||||| |||| 00| 0 eng d | ||
| 050 |
_aND 1029 _b.Ab164 2013 |
||
| 100 | _aIsidro, Raul. | ||
| 245 |
_aAbstract landscapes / _cRaul Isidro. |
||
| 260 |
_aMakati City : _bAyala Museum, _c2013. |
||
| 300 |
_a97 pages : _bcolor illustrations ; _c24 cm. |
||
| 942 |
_2lcc _cBK |
||
| 999 |
_c298066 _d298066 |
||